| 000 | 00653nam a2200253Ia 4500 | ||
|---|---|---|---|
| 003 | OSt | ||
| 005 | 20220912151041.0 | ||
| 006 | a|||||r|||| 00| 0 | ||
| 007 | ta | ||
| 008 | 220909b |||||||| |||| 00| 0 eng d | ||
| 024 | _a40846 | ||
| 037 | _cTextual | ||
| 040 |
_aCSL _beng _cCSL |
||
| 041 | _aeng | ||
| 082 | _aD65,8(B)3:(X:8), M2 | ||
| 100 | _aHanson Owen | ||
| 245 | 0 | _aDesign of computer data files | |
| 260 |
_aLondon _bPitman _c1982 |
||
| 300 |
_ax, 358p. _ccm. |
||
| 650 | _a Micro computer | ||
| 650 | _aComputer science | ||
| 942 |
_hD65,8(B)3:(X:8), M2 _cTEXL _2CC |
||
| 999 |
_c60398 _d60398 |
||